000 00352nam a2200145Ia 4500
008 191201s2010 xx 000 0 und d
082 _a620.3
_bSIM
100 _aSINGH, V. P
245 0 _aMechanical Vibrations
250 _arev.
260 _aDehli
_bDhanpat Rai Pubns (P) Ltd
_c2010
300 _a516+11
650 _aB.Tech(ME)
942 _2ddc
_cBK
_08
999 _c4372
_d4372